[Event "SJNR-ch U16"]
[Site "Kranenburg"]
[Date "2005.01.05"]
[Round "5"]
[White "Zoglowek, Sven"]
[Black "Harff, Marcel"]
[Result "0-1"]
[WhiteElo "1605"]
[BlackElo "1709"]
[PlyCount "42"]
[EventDate "2005.01.02"]
[EventType "swiss"]
[EventRounds "7"]
[EventCountry "GER"]
[SourceTitle "EXT 2007"]
[Source "ChessBase"]
[SourceDate "2006.11.23"]
[SourceVersion "1"]
[SourceVersionDate "2006.11.23"]
[SourceQuality "1"]

1. d4 Nf6 2. c4 e5 3. dxe5 Ng4 4. Nf3 Nc6 5. e3 Ngxe5 6. Nxe5 Nxe5 7. Be2 g6 8. Bd2 Bg7 9. Bc3 0-0 10. h4 d6 11. Nd2 Bd7 12. Qc2 Bc6 13. 0-0-0 Qe8 14. h5 b5 15. f4 Nxc4 16. Nxc4 bxc4 17. Bxc4 Qxe3+ 18. Bd2 Qd4 19. hxg6 hxg6 20. Rh4 Be4 21. Qa4 Qxb2# 0-1